| 000 | 00448nam a2200133Ia 4500 | ||
|---|---|---|---|
| 008 | 231129s9999||||xx |||||||||||||| ||spa|| | ||
| 020 | _a978-958-98906-4-6 | ||
| 040 | _bspa | ||
| 082 | _a282.86132 G516p | ||
| 100 | _aGiraldo Mejía Nelson Padre | ||
| 245 | 0 | _aPresencia y Acción Eclesiástica: Antigua Cartago-Pereira-Catedral | |
| 264 | _aPereira Colombia: Fondo Editorial de Risaralda | ||
| 942 |
_2ddc _cBKS |
||
| 999 |
_c23157 _d23157 |
||